LEADER 00928cam2 22002771 450 001 SOBE00047310 005 20150521140942.0 100 $a20150521d1987 |||||ita|0103 ba 101 $aita 102 $aIT 200 0 $a2$fDomenico Scinà 210 $aBologna$cCappelli$d1987 215 $a295 p.$d20 cm 225 2 $aUniversale Il Portolano$v26,2 410 1$1001LAEC00019927$12001 $a*Universale Il Portolano$v26,2 461 1$1001E600200070472$12001 $aMemorie sulla vita e filosofia d'Empedocle / Domenico Scinà 700 1$aScinà$b, Domenico$3A600200063861$4070$056116 801 0$aIT$bUNISOB$c20150521$gRICA 850 $aUNISOB 852 $aUNISOB$j100$m55803 912 $aSOBE00047310 940 $aM 102 Monografia moderna SBN 941 $aW 957 $a100$b004848$i-2$gSI$d55803$racquisto$1catenacci$2UNISOB$3UNISOB$420150521140719.0$520150521140743.0$6catenacci 996 $a2$91709192 997 $aUNISOB